| 000 | 00934nam a2200265Ia 4500 | ||
|---|---|---|---|
| 003 | OSt | ||
| 005 | 20221005105711.0 | ||
| 006 | a|||||r|||| 00| 0 | ||
| 007 | ta | ||
| 008 | 221004b |||||||| |||| 00| 0 hin d | ||
| 020 | _cIndian Rupees 200 | ||
| 024 | _a38909 | ||
| 037 |
_bGift, 29/08/2018, _cTextual |
||
| 040 |
_aCRL _cCRL _bhin |
||
| 041 |
_2hin _ahin |
||
| 082 | _aP152, Q8 | ||
| 100 | _aचक्रधर, अशोक, संपा. | ||
| 245 | 0 | _aभोपाल से मॉरीशस | |
| 246 | _aBhopāl se maॉrīshasa | ||
| 260 |
_aनई दिल्ली _bविदेश मंत्रालय भारत सरकार साउथ ब्लॉक भारत _c2018 |
||
| 300 |
_a320पृ0 _ccm. |
||
| 650 | _aहिन्दी भाषा | ||
| 942 |
_hP152, Q8 _cTEXL _2cc |
||
| 999 |
_c1016616 _d1016616 |
||